The Ultimate Metal Gear Quiz - Statistics

General Stats
  • This quiz has been taken 54 times
  • The average score is 37 of 70
Answer Stats
Answer % Correct
Games Metal Gear
97%
Snakes Liquid Snake
95%
Bosses (MGS1) Liquid Snake
95%
Games Metal Gear Solid
95%
Snakes Solid Snake
95%
Snakes Solidus Snake
95%
Bosses (MGS2) Solidus Snake
95%
Snakes Naked Snake
92%
Games Metal Gear Solid 3: Snake Eater
89%
Games Metal Gear Solid V: The Phantom Pain
86%
Games Metal Gear Solid 2: Sons of Liberty
84%
Games Metal Gear Solid 4: Guns of the Patriots
84%
Games Metal Gear Solid: Portable Ops
84%
Games Metal Gear Solid: Peace Walker
81%
Games Metal Gear 2: Solid Snake
78%
Games Metal Gear Rising: Revengeance
76%
Games Metal Gear Solid V: Ground Zeroes
76%
Bosses (MGS3) The End
76%
Bosses (MGS3) The Boss
73%
Bosses (MGS3) Ocelot
68%
Bosses (MGS1) Revolver Ocelot
68%
Bosses (MGS3) The Fear
68%
Bosses (MGS3) The Pain
68%
Bosses (MGS1) Psycho Mantis
65%
Bosses (MGS1) Metal Gear REX
62%
Bosses (MGS2) Metal Gear RAY
59%
Bosses (MGS4) Metal Gear RAY
59%
Bosses (MGR) Metal Gear RAY
59%
Bosses (MGS3) Shagohod
59%
Bosses (MGS1) Vulcan Raven
59%
Bosses (MGS3) Colonel Volgin
54%
Bosses (MGS1) Sniper Wolf
54%
Bosses (MGS3) The Fury
54%
Bosses (MGS3) The Sorrow
54%
Bosses (MGS2) Vamp
54%
Bosses (MGS4) Vamp
54%
Bosses (MGS2) Fatman
51%
Bosses (MGR) Senator Armstrong
51%
Bosses (MGR) Jetstream Sam
49%
Bosses (MGS4) Liquid Ocelot
46%
Bosses (MGS1) Cyborg Ninja
41%
Bosses (MGS2) Fortune
41%
Bosses (MGR) Monsoon
41%
Snakes Punished "Venom" Snake
41%
Bosses (MGR) Sundowner
41%
Bosses (MGSV) Metal Gear Sahelanthropus
38%
Bosses (MGS: PW) Peace Walker
38%
Bosses (MGSV) Quiet
35%
Bosses (MGS1) Hind D
32%
Bosses (MGS: PW) Hind D
32%
Bosses (MGS4) Laughing Octopus
32%
Bosses (MGR) Mistral
32%
Bosses (MGSV) Man on Fire
30%
Bosses (MGS2) Olga Gurlukovich
30%
Bosses (MGR) Blade Wolf
27%
Bosses (MPO) Gene
27%
Bosses (MGR) Metal Gear EXCELSUS
27%
Bosses (MGS2) Harrier
24%
Bosses (MGS: PW) Metal Gear ZEKE
24%
Bosses (MGS: PW) Chrysalis
22%
Bosses (MGS4) Raging Raven
22%
Bosses (MGS4) Screaming Mantis
22%
Bosses (MGS4) Crying Wolf
19%
Bosses (MGS: PW) Pupa
19%
Bosses (MGS: PW) Cocoon
14%
Bosses (MGR) Grad
14%
Bosses (MPO) Metal Gear RAXA
14%
Bosses (MPO) Cunningham
11%
Bosses (MPO) Null
11%
Bosses (MPO) Python
8%
No matching quizzes found
Score Distribution
Percent of People with Each Score
Percentile by Number Answered
Your Score History
You have not taken this quiz